Adivina la palabra - Ahorcado #1 - Estadísticas

Estadísticas generales
  • Esta prueba ha sido intentada 560 veces
    554 desde el último reinicio
  • La puntuación promedio es 4 de 6
Estadísticas de respuestas
Respuesta % Correcto
#1 A
100%
#1 A
100%
#2 A
100%
#2 A
100%
#3 A
100%
#4 A
100%
#4 A
100%
#5 A
100%
#5 A
100%
#6 A
100%
#7 A
100%
#8 A
100%
#8 A
100%
#9 A
100%
#9 A
100%
#10 A
100%
#11 A
100%
#12 A
100%
#14 A
100%
#16 A
100%
#16 A
100%
#17 A
100%
#18 A
100%
#19 A
100%
#19 A
100%
#20 A
100%
#21 A
100%
#24 A
100%
#26 A
100%
#27 A
100%
#28 A
100%
#28 A
100%
#29 A
100%
#30 A
100%
#31 A
100%
#31 A
100%
#33 A
100%
#34 A
100%
#39 A
100%
#41 A
100%
#42 A
100%
#43 A
100%
#47 A
100%
#50 A
100%
#52 A
100%
#56 A
100%
#57 A
100%
#60 A
100%
#62 A
100%
#63 A
100%
#63 A
100%
#64 A
100%
#22 C
100%
#42 C
100%
#62 C
100%
#21 D
100%
#22 D
100%
#3 E
100%
#11 E
100%
#12 E
100%
#17 E
100%
#21 E
100%
#22 E
100%
#31 E
100%
#36 E
100%
#37 E
100%
#38 E
100%
#42 É
100%
#45 E
100%
#48 E
100%
#54 E
100%
#55 E
100%
#20 G
100%
#49 G
100%
#21 H
100%
#4 I
100%
#6 I
100%
#6 I
100%
#15 I
100%
#20 I
100%
#22 Í
100%
#22 I
100%
#23 I
100%
#23 I
100%
#27 Í
100%
#32 I
100%
#32 I
100%
#45 I
100%
#46 I
100%
#50 I
100%
#54 I
100%
#58 I
100%
#59 I
100%
#59 Í
100%
#62 I
100%
#64 I
100%
#3 L
100%
#21 L
100%
#47 L
100%
#32 M
100%
#62 M
100%
#22 N
100%
#32 N
100%
#42 N
100%
#62 N
100%
#11 O
100%
#14 O
100%
#15 O
100%
#18 O
100%
#21 O
100%
#32 Ó
100%
#34 O
100%
#34 O
100%
#37 O
100%
#38 O
100%
#42 O
100%
#42 O
100%
#44 O
100%
#46 O
100%
#49 O
100%
#51 O
100%
#51 O
100%
#52 O
100%
#53 O
100%
#53 O
100%
#62 Ó
100%
#63 O
100%
#64 O
100%
#63 P
100%
#2 R
100%
#17 R
100%
#20 R
100%
#20 R
100%
#33 R
100%
#37 R
100%
#38 R
100%
#47 R
100%
#52 R
100%
#32 S
100%
#52 S
100%
#2 T
100%
#20 T
100%
#63 T
100%
#7 U
100%
#17 U
100%
#30 U
100%
#47 U
100%
#50 U
100%
#63 Z
100%
#13 E
89%
#13 E
89%
#13 O
89%
#48 U
86%
#2 E
83%
#43 E
83%
#56 E
83%
#33 L
83%
#24 I
80%
#1 M
80%
#11 N
80%
#1 O
80%
#25 O
80%
#55 O
80%
#45 R
80%
#40 B
75%
#40 E
75%
#60 E
75%
#6 L
75%
#29 L
75%
#29 L
75%
#60 L
75%
#4 M
75%
#3 O
75%
#12 O
75%
#29 O
75%
#40 O
75%
#40 O
75%
#58 Ó
75%
#29 R
75%
#29 R
75%
#23 Ú
75%
#58 U
75%
#48 I
71%
#35 A
67%
#8 E
67%
#10 E
67%
#35 I
67%
#61 I
67%
#61 I
67%
#2 L
67%
#9 L
67%
#9 L
67%
#39 L
67%
#43 L
67%
#33 M
67%
#54 M
67%
#46 N
67%
#26 Ó
67%
#33 O
67%
#35 O
67%
#39 O
67%
#41 O
67%
#41 O
67%
#43 O
67%
#56 O
67%
#59 O
67%
#61 Ó
67%
#46 P
67%
#39 R
67%
#46 R
67%
#51 S
67%
#54 S
67%
#46 T
67%
#25 C
60%
#11 F
60%
#25 I
60%
#25 I
60%
#45 L
60%
#36 O
60%
#1 P
60%
#45 P
60%
#55 R
60%
#55 R
60%
#55 R
60%
#55 T
60%
#57 U
60%
#14 R
57%
#13 L
56%
#8 B
50%
#28 C
50%
#58 C
50%
#44 E
50%
#49 E
50%
#15 F
50%
#18 G
50%
#47 G
50%
#3 H
50%
#16 I
50%
#18 I
50%
#30 I
50%
#49 I
50%
#26 J
50%
#4 L
50%
#15 L
50%
#18 L
50%
#23 L
50%
#28 L
50%
#3 N
50%
#4 N
50%
#19 N
50%
#23 N
50%
#26 N
50%
#38 N
50%
#58 N
50%
#58 N
50%
#19 O
50%
#44 P
50%
#47 P
50%
#7 R
50%
#15 R
50%
#18 R
50%
#26 R
50%
#26 R
50%
#49 R
50%
#49 S
50%
#7 T
50%
#15 T
50%
#16 T
50%
#23 T
50%
#33 T
50%
#44 T
50%
#38 Ú
50%
#44 U
50%
#13 M
44%
#13 P
44%
#5 R
44%
#48 C
43%
#14 L
43%
#48 Q
43%
#14 T
43%
#11 D
40%
#24 F
40%
#1 L
40%
#24 L
40%
#24 N
40%
#24 R
40%
#36 R
40%
#36 T
40%
#36 U
40%
#5 C
33%
#8 C
33%
#9 C
33%
#53 D
33%
#53 I
33%
#41 L
33%
#54 L
33%
#59 L
33%
#31 M
33%
#39 M
33%
#35 N
33%
#39 N
33%
#59 N
33%
#61 N
33%
#10 O
33%
#43 P
33%
#54 P
33%
#9 R
33%
#51 R
33%
#51 R
33%
#53 S
33%
#61 S
33%
#51 T
33%
#59 V
33%
#61 V
33%
#48 N
29%
#37 B
25%
#12 C
25%
#40 J
25%
#28 O
25%
#12 T
25%
#40 T
25%
#60 T
25%
#28 Y
25%
#5 U
22%
#57 B
20%
#45 F
20%
#36 N
20%
#57 R
20%
#25 U
20%
#56 T
17%
#8 Z
17%
#14 F
14%
#6 B
0%
#6 B
0%
#7 B
0%
#10 B
0%
#52 B
0%
#10 D
0%
#19 D
0%
#27 D
0%
#31 D
0%
#34 D
0%
#56 D
0%
#16 F
0%
#17 F
0%
#41 F
0%
#64 F
0%
#16 G
0%
#19 G
0%
#10 J
0%
#25 J
0%
#27 J
0%
#56 J
0%
#7 L
0%
#30 L
0%
#30 L
0%
#50 L
0%
#57 L
0%
#34 M
0%
#37 M
0%
#38 M
0%
#52 M
0%
#57 M
0%
#27 N
0%
#37 N
0%
#53 N
0%
#27 R
0%
#31 R
0%
#34 R
0%
#50 R
0%
#64 R
0%
#44 S
0%
#35 T
0%
#41 T
0%
#43 T
0%
#50 T
0%
#60 U
0%
#30 V
0%
#35 V
0%
#60 V
0%
#12 X
0%
#5 Z
0%
#17 Z
0%
#64 Z
0%
No se encontraron pruebas coincidentes
Distribución de puntuación
Porcentaje de gente con cada puntuación
Porcentaje por número respondido
Historial de tus puntuaciones
No has intentado esta prueba desde el último reinicio